000 00693nam a2200193Ii 4500
003 JO-AjNU
008 230606s9999||||xx |||||||||||||| ||und||
040 _aJO-AjNU
_beng
_erda
_cJO-AjNU
041 _aeng
050 1 4 _aH61 .F47.1976
100 3 _aedited by Bryant Kearl, editorial committee, Salem Gafsi ... [et al.].,
_eauthor
_92921
245 0 0 _aField data collection in the social sciences : experiences in Africa and the Middle East
264 3 1 _aNew York : Agricultural Development Council, c1976.
300 _a200p
336 _atext
_btxt
_2rdacontent
337 _aunmediated
_bn
_2rdamedia
338 _avolume
_bnc
_2rdacarrier
650 4 _aSocial sciences--Methodology
_92922
999 _aE1531
_c1531
_d1531